• 首页
  • 本馆介绍
  • 公告通知
  • 最新文献
  • 馆藏检索
  • 电子资源
  • 读者导购
  • 参考咨询
  • 我的图书馆
  • 登录
  • 详细信息显示
  • 放入我的书架
  • 预约/预借图书
  • 作者相关作品
  • 分类相关作品
  • 丛书相关作品
  • 出版社相关作品

书目信息

  • 表格格式
  • 工作单格式
  • 卡片格式
题名:
研究马克思恩格斯著作和生平论著目录
    
 
作者: ;中共中央马恩列斯著作编译局图书馆 编
分册:  
出版信息: 北京   书目文献出版社  1983
页数: 182页
开本: 21cm
丛书名:
单 册:
中图分类: A813
科图分类:
主题词: 马恩著作--图书目录 , 马恩著作--索引
电子资源:
ISBN:
000 00805nam0 2200241 45
001 0183005674
005 20060726162107.71
010    @dCNY1.10
091    @a17201.33
100    @a19950317d1983 em y0chiy0121 ea
101 0  @achi
102    @aCN@b110000
105    @ay b 000yy
200 10 @a研究马克思恩格斯著作和生平论著目录@Ayan jiu ma ke si en ge si zhu zuo he sheng ping lun zhu mu lu@f中共中央马恩列斯著作编译局图书馆编@FZhong Gong Zhong Yang Ma En Lie Si Zhu Zuo Bian Yi Ju Tu Shu Guan Bian
210    @a北京@c书目文献出版社@d1983
215    @a182页@d21cm
606 0  @a马恩著作@x图书目录
606 0  @a马恩著作@x索引
690    @aA813@v3
711 02 @a中共中央马恩列斯著作编译局图书馆@4编
801  2 @aCN@bNLC@c20060726
801  0 @aCN@b上海图书馆@c20040102
905    @dA813@e132@f1@b87232
    
    研究马克思恩格斯著作和生平论著目录/中共中央马恩列斯著作编译局图书馆编.-北京:书目文献出版社,1983
    182页;21cm
    
    
    ISBN :CNY1.10
    
●
相关链接 在E读中查询图书 在五车中查询图书 在当当中查询图书 在豆瓣中查询图书


正题名:研究马克思恩格斯著作和生平论著目录     索取号:A813/132         预约/预借

序号 登录号 条形码 馆藏地/架位号 状态 备注
1 0087230   000958654   第一借阅区/ [索取号:A813/132] 在馆    
2 0087231   000958690   第一借阅区/ [索取号:A813/132] 在馆    
3 0087232   001980814   第一样本阅览室/ [索取号:A813/132] 在馆    
4 0087233   001865119   密集书库/ [索取号:A813/132] 在馆    
5 0087234   001865155   密集书库/ [索取号:A813/132] 在馆    
6 0203560   000958618   第一样本阅览室/ [索取号:A813/132] 在馆    
7 0426735   204267355   密集书库/ [索取号:A813/132] 在馆    
8 0426736   204267364   密集书库/ [索取号:A813/132] 在馆    
唐山师范学院图书馆 欢迎您!
大连网信软件有限公司© 版权所有